Crònica comercial : eco mensual de la Academia Científico-Mercantil de Barcelona eco mensual de la Academia Científico-Mercantil de Barcelona
Materias:
Comerç -- Espanya -- Revistes
MARC
| LEADER | 00000nam a2200000Ia 4500 | ||
|---|---|---|---|
| 003 | BGR | ||
| 005 | 20260324180150.0 | ||
| 008 | 160829s1895 xx 000 0 cat d | ||
| 008 | 160829s9999 xx 000 0 cat d | ||
| 080 | |a 1948, exp. 16 | ||
| 245 | |a Crònica comercial : |b eco mensual de la Academia Científico-Mercantil de Barcelona | ||
| 260 | |a Barcelona : |b Establecimiento Tipográfico de la Casa Provincial de Caridad, |c 1895 | ||
| 362 | |a Año 1, no. 1 (1 enero 1885)- | ||
| 590 | |a Quinzenal. | ||
| 590 | |a Descripció basada en: Núm. 90 (oct. 1895) | ||
| 650 | |a Comerç |x Espanya |x Revistes |9 48296 | ||
| 710 | 2 | |9 70077 |a Academia Científico-Mercantil (Barcelona) | |
| 866 | |a 2a època: any 9, 1895 (46) | ||
| 901 | |a Arxiu | ||
| 942 | |n 1 |2 udc |c MON | ||
| 952 | |0 0 |1 0 |4 0 |6 1948_EXP_16 |7 1 |9 54453 |a Arxiu |b Arxiu |d 2016-12-01 |l 0 |o 1948, exp. 16 |r 2016-12-01 00:00:00 |w 2016-12-01 |y ARXIU | ||
| 999 | |c 58322 |d 58322 | ||